Central Library OPAC University of Rajshahi

Love's labour's lost / (Record no. 77640)

MARC details
000 -LEADER
fixed length control field 01226nam a2200337 a 4500
001 - CONTROL NUMBER
control field 77640
003 - CONTROL NUMBER IDENTIFIER
rucl marc code BD-RjUL
005 - DATE AND TIME OF LATEST TRANSACTION
control field 20211209083015.0
008 - FIXED-LENGTH DATA ELEMENTS--GENERAL INFORMATION
fixed length control field 201215s1962 enkch b 000 0 eng
035 ## - SYSTEM CONTROL NUMBER
System control number 62-04511
System control number (BD-RjUL)77866
040 ## - CATALOGING SOURCE
Original cataloging agency DLC
Transcribing agency WSU
Modifying agency SER
-- m.c
-- OCL
-- CDC
-- BD-RjUL
Language of cataloging eng
041 ## - LANGUAGE CODE
Language code of text/sound track or separate title eng
082 ## - DEWEY DECIMAL CLASSIFICATION NUMBER
Edition number 23
Classification number 822.33
Author mark and year SHL 1962
100 1# - MAIN ENTRY--PERSONAL NAME
Personal name Shakespeare, William,
Dates associated with a name 1564-1616.
9 (RLIN) 242584
245 10 - TITLE STATEMENT
Title Love's labour's lost /
Statement of responsibility, etc. William Shakespeare; John Dover Wilson.
250 ## - EDITION STATEMENT
Edition statement 2nd ed.
260 ## - PUBLICATION, DISTRIBUTION, ETC. (IMPRINT)
Place of publication, distribution, etc. Cambridge :
Name of publisher, distributor, etc. University Press,
Date of publication, distribution, etc. 1962
300 ## - PHYSICAL DESCRIPTION
Pagination lviii, 213 p. :
Illustrations ill. ;
Size 19 cm.
490 1# - SERIES STATEMENT
Series statement The works of Shakespeare edited for the Syndics of the Cambridge University Press by John Dover Wilson.
Series statement The New Shakespeare
504 ## - BIBLIOGRAPHY, ETC. NOTE
Bibliography, etc Bibliographical references included in "Notes" (p. [136]-189)
650 ## - SUBJECT ADDED ENTRY--TOPICAL TERM
Topical term or geographic name as entry element Navarre (Kingdom)
9 (RLIN) 242585
Topical term or geographic name as entry element Dram
9 (RLIN) 54011
700 1# - ADDED ENTRY--PERSONAL NAME
Personal name Wilson, John Dover,
Dates associated with a name 1881-1969.
830 ## - SERIES ADDED ENTRY--UNIFORM TITLE
Uniform title The works of Shakespeare edited for the Syndics of the Cambridge University Press by John Dover Wilson.
Uniform title The New Shakespeare
942 ## - ADDED ENTRY ELEMENTS (KOHA)
Source of classification or shelving scheme Dewey Decimal Classification
Koha item type Books
Holdings
Lost status Source of classification or shelving scheme Damaged status Not for loan Collection code Permanent Location Current Location Shelving location Date acquired Source of acquisition Cost, normal purchase price Total Checkouts Full call number Date last seen Date checked out Copy number Koha item type
  Dewey Decimal Classification     Fiction Central Library, University of Rajshahi Central Library, University of Rajshahi   13/04/1964 Zeitlinger 25.00 1 822.33 SHL 1962 16/11/2023 26/10/2023 C-2 Books
  Dewey Decimal Classification     Fiction Central Library, University of Rajshahi Central Library, University of Rajshahi   13/04/1964 Zeitlinger 25.00   822.33 SHL 1962 15/12/2020   C-3 Books
  Dewey Decimal Classification     Fiction Central Library, University of Rajshahi Central Library, University of Rajshahi   13/04/1964 Zeitlinger 25.00   822.33 SHL 1962 15/12/2020   C-4 Books
  Dewey Decimal Classification     Fiction Central Library, University of Rajshahi Central Library, University of Rajshahi   19/02/1963 Zeitlinger     822.33 SHL 1962 15/12/2020   C-5 Books
  Dewey Decimal Classification   Not For Loan Fiction Central Library, University of Rajshahi Central Library, University of Rajshahi Reading Room 19/02/1963 Zeitlinger     822.33 SHL 1962 15/12/2020   C-1 Books